|
|
|
|
| LEADER |
00000nam0a2200000 4500 |
| 001 |
215029 |
| 005 |
20231101225934.0 |
| 010 |
|
|
|a 0415269954
|
| 035 |
|
|
|a (RuTPU)RU\TPU\book\234924
|
| 090 |
|
|
|a 215029
|
| 100 |
|
|
|a 20120503d2002 m y0engy50 ba
|
| 101 |
0 |
|
|a eng
|
| 102 |
|
|
|a GB
|
| 105 |
|
|
|a a j 001zy
|
| 200 |
1 |
|
|a Study! A Guide to effective Learning, Revision and Examination Techniques
|f R. Barrass
|
| 205 |
|
|
|a 2nd ed.
|
| 210 |
|
|
|a London
|c Routledge
|d 2002
|
| 215 |
|
|
|a 218 p.
|c il.
|
| 225 |
1 |
|
|a Routledge study Guides
|
| 320 |
|
|
|a References: p. 211.
|
| 320 |
|
|
|a Index: p. 213-218.
|
| 606 |
1 |
|
|a Самостоятельная работа учащихся
|x В Вузе
|2 stltpush
|3 (RuTPU)RU\TPU\subj\53766
|9 71931
|
| 610 |
1 |
|
|a педагогика
|
| 610 |
1 |
|
|a высшее образование
|
| 610 |
1 |
|
|a научные исследования
|
| 610 |
1 |
|
|a научные разработки
|
| 610 |
1 |
|
|a методика
|
| 610 |
1 |
|
|a методы
|
| 610 |
1 |
|
|a приемы
|
| 610 |
1 |
|
|a умственная деятельность
|
| 610 |
1 |
|
|a эффективность
|
| 610 |
1 |
|
|a совершенствование
|
| 610 |
1 |
|
|a английский язык
|
| 686 |
|
|
|a Ч481.267
|v LBC/SL-A
|2 rubbk
|
| 700 |
|
1 |
|a Barrass
|b R.
|g Robert
|
| 801 |
|
1 |
|a RU
|b 63413507
|c 20120503
|
| 801 |
|
2 |
|a RU
|b 63413507
|c 20120829
|g RCR
|
| 942 |
|
|
|c BK
|